000 02263cam a22004694i 4500
003 PE-LiUPU
005 20250731172941.0
008 150623s1997 xxu rb 000 0 eng d
020 _a0385182007
035 _a(Sirsi) i9780385182003
040 _aPE-LiUPU
_bspa
_cPE-LiUPU
_erda
049 _aPRUA
082 0 4 _a220.7
_bAB1997
_221
100 1 _aGreenberg, Moshe,
_eautor.
245 1 0 _aEzekiel 21-37.
_n22A /
_cMoshe Greenberg.
264 1 _aNew York :
_bDoubleday,
_c1997.
300 _a760 páginas ;
_c24 centímetros
336 _atext
_2rdacontent
337 _aunmediated
_2rdamedia
338 _avolume
_2rdacarrier
490 0 _aThe Anchor Bible ;
_v22A
504 _aIncluye bibliografía.
505 0 _aGod's sword -- Jerusalem all defiled and corrupt -- The wanton sisters -- The filthy pot -- Disaster that constrains and releases -- Against four bad naighbord -- Tyre wiped out -- The shipwreck of tyre. - The fall of tyre's King: A Mythical version. - Sidon's doom; God's vindication -- gypt's fall and restoration -- An amendment to the tyre oracles -- Egypt's doomsday -- Egypt disarmed, babylon armed -- Assyria a lesson to Egipt -- A dirge over pharaoh -- Pharaoh in the netherworld -- Doom prophecy is a call to repent -- Release from dumbness -- Unregenerate communities -- Shepherds bad and Good -- Reclaiming and renewing the land -- Restoration for the sake of God -- The resurrectional metaphor of national restoration -- Reuniting the two kingdoms of Israel.
526 _aSEG42
526 _aSEG41
526 _aSEG40
526 _aSEG39
526 _aP94
526 _aP87
526 _aP86
526 _aP85
526 _aP77
526 _aP76
526 _aP35
630 _aBiblia.
_pA.T.
_pEzequiel
_xComentarios.
942 _2ddc
_cBOOK
949 _a220.7 AB 22A 1997
_wDEWEY
_c1
_i44563
_d2016-6-21
_e2016-6-19
_lCCODEBUL1
_mBUL
_n2
_r0
_sY
_tBOOK
_u2015-6-24
_xTEOLOGIA
_PP35
_0COMPRA
_o.STAFF. Colección Teología
994 _aC0
_bPEPRU
596 _a1
999 _a220.7 AB 22A 1997
_wDEWEY
_c21449
_i44563
_d21449
_e2019-8-9
_f2021-11-9
_g5
_lCCODEBUL1
_mBUL
_n4
_p25.00
_q7
_r0
_sY
_tBOOK
_u2015-6-24
_xTEOLOGIA
_PP35
_0COMPRA
_o.STAFF. Colección Teología
980 _81
_gALBERTO SANCHEZ Responsable de Automatización